000 00474nam a22001575a 4500
001 61158
005 20250325123340.0
008 940418s1993 enk 000 0 eng
020 _a0749410094 :
_c$33.80
100 1 _aArmstrong, Michael,
_d1928-
245 1 0 _aReward management :
_ba handbook of remuneration strategy and practice /
_cMichael Armstrong, Helen Murlis.
250 _a3rd ed.
260 _aLondon :
_bKogan Page,
_c1993.
300 _a600 p.
942 _2lcc
_cBK
_n0
999 _c5185
_d5185